Một thuật toán lọc cộng tác cho trường hợp ít dữ liệu /

Saved in:
Bibliographic Details
Main Author: Nguyễn Duy Phương.
Other Authors: Từ Minh Phương.
Format: Article
Language:Vietnamese
Subjects:
Tags: Add Tag
No Tags, Be the first to tag this record!
Institutions: Thư viện Trường Đại học Đà Lạt
LEADER 00867nam a2200277 4500
001 DLU110125352
005 ##20110919
040 # # |a DLU  |b vie 
041 # # |a vie 
044 # # |a vn 
100 # # |a Nguyễn Duy Phương. 
245 # # |a Một thuật toán lọc cộng tác cho trường hợp ít dữ liệu /  |c Nguyễn Duy Phương, Từ Minh Phương. 
653 # # |a Kĩ thuật lọc đa nhiệm 
653 # # |a Lọc cộng tác 
653 # # |a Thuật toán 
700 # # |a Từ Minh Phương. 
773 # # |t Tạp chí Tin học và điều khiển học  |g Số 1, 2008, tr. 62-74 
920 # # |a Phòng Tạp chí -- Trung tâm Thông tin - Thư viện Trường Đại học Đà Lạt 
994 # # |a DLU 
900 # # |a True 
911 # # |a Nguyễn Thị Linh Chi 
925 # # |a G 
926 # # |a A 
927 # # |a BB 
980 # # |a Thư viện Trường Đại học Đà Lạt